[Event "Gorodets op"]
[Site "Gorodets"]
[Date "2014.08.08"]
[Round "4"]
[White "Shilin, Vladimir"]
[Black "Akulov, Alexandr"]
[Result "1-0"]
[WhiteElo "2030"]
[BlackElo "2021"]
[PlyCount "89"]
[EventDate "2014.08.06"]
[EventType "swiss"]
[EventRounds "9"]
[EventCountry "RUS"]
[SourceTitle "EXT 2016"]
[Source "ChessBase"]
[SourceDate "2015.10.08"]
[SourceVersion "1"]
[SourceVersionDate "2015.10.08"]
[SourceQuality "1"]

1. e4 d5 2. exd5 Nf6 3. d4 Nxd5 4. c4 Nb6 5. Nc3 c6 6. Nf3 Bg4 7. c5 Nd5 8. h3 Bxf3 9. Qxf3 g6 10. Bc4 e6 11. Ne4 Be7 12. Bh6 f5 13. Nc3 Bf6 14. Bxd5 cxd5 15. 0-0 a6 16. Rfe1 Kf7 17. Rad1 Nc6 18. Ne2 Re8 19. Bf4 Qa5 20. Qb3 Re7 21. Bd2 Qc7 22. Bc3 Rae8 23. a4 Rg8 24. Qa2 g5 25. b4 g4 26. Rd3 Rg6 27. b5 axb5 28. axb5 Nd8 29. Bd2 Bg5 30. Bxg5 Rxg5 31. h4 Rg8 32. g3 Kf6 33. Nf4 Qd7 34. Qb3 Rge8 35. Rde3 Nf7 36. Ra1 Nh8 37. Ra7 Rb8 38. Re1 Ng6 39. Nd3 Qe8 40. Qb4 e5 41. dxe5+ Nxe5 42. Qd4 Re6 43. Ra2 Qe7 44. Rae2 Re8 45. Rxe5 1-0

[Event "Nizhnij Novgorod Region-ch"]
[Site "Nizhnij Novgorod"]
[Date "2013.10.19"]
[Round "1"]
[White "Baryshev, Sergey"]
[Black "Akulov, Alexandr"]
[Result "1/2-1/2"]
[WhiteElo "1738"]
[BlackElo "2085"]
[PlyCount "113"]
[EventDate "2013.10.19"]
[EventType "swiss"]
[EventRounds "9"]
[EventCountry "RUS"]
[SourceTitle "EXT 2022"]
[Source "ChessBase"]
[SourceDate "2021.10.06"]
[SourceVersion "1"]
[SourceVersionDate "2021.10.06"]
[SourceQuality "1"]

1. e4 d5 2. exd5 Nf6 3. Nc3 Nxd5 4. Nxd5 Qxd5 5. Nf3 g6 6. c3 Bg7 7. d4 0-0 8. Be2 c6 9. Be3 Bg4 10. h3 Bxf3 11. Bxf3 Qd8 12. h4 Re8 13. Qc2 e5 14. 0-0-0 exd4 15. h5 Qa5 16. hxg6 hxg6 17. Rxd4 Qxa2 18. Ra4 Qe6 19. Re4 Qc8 20. Reh4 Qd8 21. Rh7 Rxe3 22. fxe3 Qe7 23. Be4 Qg5 24. Kb1 Nd7 25. R7h3 Re8 26. Bf3 Rxe3 27. Be4 Rxh3 28. Rxh3 Nc5 29. Bf3 Qe7 30. Rh1 a5 31. Qd1 Bf6 32. Re1 Qc7 33. Re8+ Kg7 34. Qh1 g5 35. Bg4 Ne6 36. Bf5 Nf8 37. Qg1 b6 38. Qe3 a4 39. Rc8 Qd6 40. Qd3 Qc5 41. Qf3 a3 42. Rxc6 Qg1+ 43. Ka2 axb2 44. Kxb2 b5 45. Bd3 Ne6 46. Bxb5 Qe1 47. Qe2 Qg3 48. Qf3 Qb8 49. Qf5 Qb7 50. Kc2 Qa8 51. Kb3 Qb7 52. Qd5 Qb8 53. c4 Nd4+ 54. Kb4 Nxc6+ 55. Qxc6 Qg3 56. Ka4 Bd4 57. Qd5 1/2-1/2

[Event "Nizhnij Novgorod Region-ch"]
[Site "Nizhnij Novgorod"]
[Date "2013.10.19"]
[Round "4"]
[White "Borisov, Sergey N"]
[Black "Akulov, Alexandr"]
[Result "1/2-1/2"]
[WhiteElo "1866"]
[BlackElo "2085"]
[PlyCount "78"]
[EventDate "2013.10.19"]
[EventType "swiss"]
[EventRounds "9"]
[EventCountry "RUS"]
[SourceTitle "EXT 2022"]
[Source "ChessBase"]
[SourceDate "2021.10.06"]
[SourceVersion "1"]
[SourceVersionDate "2021.10.06"]
[SourceQuality "1"]

1. e4 d5 2. exd5 Nf6 3. Bb5+ Nbd7 4. Nc3 a6 5. Be2 b5 6. Bf3 Rb8 7. Nge2 Bb7 8. Nd4 Ne5 9. Nc6 Bxc6 10. dxc6 Nxf3+ 11. Qxf3 Qd6 12. Ne4 Qe6 13. d3 Nxe4 14. dxe4 Qxc6 15. c3 g6 16. 0-0 Bg7 17. Qe2 e5 18. Bg5 f6 19. Bd2 0-0 20. a3 Rfd8 21. f3 Rd7 22. Be3 Bf8 23. Rfd1 Rbd8 24. Rxd7 Rxd7 25. Rd1 Kf7 26. Kf1 Ke6 27. Rxd7 Kxd7 28. Qd3+ Bd6 29. Ke2 Qc4 30. Qxc4 bxc4 31. Kd2 f5 32. Kc2 f4 33. Bf2 g5 34. h3 Kc6 35. b4 Kb5 36. Kb2 Ka4 37. Bg1 a5 38. Bf2 Kb5 39. Bg1 Ka4 1/2-1/2

[Event "Gorodets-ch"]
[Site "Gorodets"]
[Date "2011.04.16"]
[Round "8"]
[White "Akulov, Alexandr"]
[Black "Kalugin, Alexander"]
[Result "1/2-1/2"]
[WhiteElo "2053"]
[BlackElo "2120"]
[PlyCount "111"]
[EventDate "2011.04.09"]
[EventType "swiss"]
[EventRounds "9"]
[EventCountry "RUS"]
[SourceTitle "CBM 142 Extra"]
[Source "ChessBase"]
[SourceDate "2011.06.27"]
[SourceVersion "1"]
[SourceVersionDate "2011.06.27"]
[SourceQuality "1"]

1. e4 c5 2. Nf3 Nc6 3. d4 cxd4 4. Nxd4 Nf6 5. Nc3 e5 6. Nxc6 bxc6 7. Bd3 Be7 8. 0-0 0-0 9. Qe2 d6 10. h3 Re8 11. Bg5 Nd7 12. Bxe7 Qxe7 13. Rad1 Nb6 14. f4 exf4 15. Rxf4 Qg5 16. Rf3 Be6 17. Qf2 Qc5 18. Qxc5 dxc5 19. Ba6 Rad8 20. Rxd8 Rxd8 21. Rd3 Rxd3 22. cxd3 Nd7 23. b3 Kf8 24. Kf2 Ke7 25. Ke3 Ne5 26. d4 cxd4+ 27. Kxd4 Kd6 28. Na4 c5+ 29. Kc3 Bd7 30. Nb2 Bc6 31. Bd3 f5 32. exf5 Bxg2 33. h4 Kd5 34. f6 gxf6 35. Bxh7 Bf3 36. Nd3 Ng4 37. Bg8+ Kd6 38. Kd2 Nh6 39. Bh7 Bd5 40. Ke3 c4 41. bxc4 Bxc4 42. a3 Bxd3 43. Bxd3 Ke5 44. a4 f5 45. a5 Ng4+ 46. Kf3 Kf6 47. Kf4 Ne5 48. Bxf5 Nc6 49. a6 Nb4 50. Bc8 Kg6 51. Kg4 Kh6 52. Bb7 Kg6 53. h5+ Kh6 54. Kh4 Nd3 55. Bf3 Nc5 56. Be2 1/2-1/2

[Event "Gorodets-ch"]
[Site "Gorodets"]
[Date "2011.04.14"]
[Round "6"]
[White "Isakichev, Yuri"]
[Black "Akulov, Alexandr"]
[Result "1-0"]
[WhiteElo "2088"]
[BlackElo "2053"]
[PlyCount "177"]
[EventDate "2011.04.09"]
[EventType "swiss"]
[EventRounds "9"]
[EventCountry "RUS"]
[SourceTitle "CBM 142 Extra"]
[Source "ChessBase"]
[SourceDate "2011.06.27"]
[SourceVersion "1"]
[SourceVersionDate "2011.06.27"]
[SourceQuality "1"]

1. c4 f5 2. Nf3 Nf6 3. g3 g6 4. Bg2 Bg7 5. d4 0-0 6. 0-0 d6 7. Nc3 Qe8 8. d5 h6 9. Qc2 Na6 10. a3 Nc5 11. b4 Nce4 12. Bb2 a6 13. Rfd1 Rb8 14. Nd4 Nxc3 15. Bxc3 e5 16. dxe6 Bxe6 17. Nxe6 Qxe6 18. Bd5 Nxd5 19. cxd5 Qe7 20. Bxg7 Kxg7 21. Qc3+ Kh7 22. e3 Rf7 23. Qd4 b6 24. Rac1 Ra8 25. Rc6 Qd8 26. Rdc1 Ra7 27. h4 a5 28. b5 Qf8 29. R1c4 Re7 30. Qc3 Qg7 31. Qc2 Qf7 32. Qd3 Ra8 33. h5 gxh5 34. e4 fxe4 35. Rxe4 Rxe4 36. Qxe4+ Kg7 37. Qc4 Ra7 38. Kg2 Kg8 39. f4 Rb7 40. Qe4 Rb8 41. Qe6 Rb7 42. Kh3 Ra7 43. Kh4 Kg7 44. Qxf7+ Kxf7 45. Kxh5 Kg7 46. g4 Rb7 47. g5 hxg5 48. Kxg5 Ra7 49. Kf5 Kf7 50. Rc1 a4 51. Rc4 Rb7 52. Rxa4 Rb8 53. Ra7 Rc8 54. a4 Ke7 55. a5 bxa5 56. b6 Kd7 57. bxc7 Rf8+ 58. Ke4 Re8+ 59. Kd4 Re1 60. Rxa5 Kxc7 61. Ra7+ Kb6 62. Ra3 Rf1 63. Ke4 Re1+ 64. Re3 Rh1 65. Rc3 Kb7 66. Rc6 Rh6 67. Kf5 Rh5+ 68. Ke4 Rh6 69. Kf3 Rh3+ 70. Kg4 Rd3 71. Rxd6 Kc7 72. Rc6+ Kd7 73. Rc5 Kd6 74. Ra5 Rd1 75. Kg5 Rg1+ 76. Kf6 Rf1 77. f5 Rf2 78. Kg6 Ke5 79. d6+ Kxd6 80. Kf7 Rf3 81. f6 Rf2 82. Ra1 Ke5 83. Ke7 Kf5 84. f7 Re2+ 85. Kd7 Rd2+ 86. Kc6 Rc2+ 87. Kd5 Rd2+ 88. Kc4 Rd8 89. f8Q+ 1-0

[Event "Gorodets-ch"]
[Site "Gorodets"]
[Date "2011.04.13"]
[Round "5"]
[White "Akulov, Alexandr"]
[Black "Kuznetsov, Stanislav"]
[Result "1-0"]
[WhiteElo "2053"]
[BlackElo "2034"]
[PlyCount "119"]
[EventDate "2011.04.09"]
[EventType "swiss"]
[EventRounds "9"]
[EventCountry "RUS"]
[SourceTitle "CBM 142 Extra"]
[Source "ChessBase"]
[SourceDate "2011.06.27"]
[SourceVersion "1"]
[SourceVersionDate "2011.06.27"]
[SourceQuality "1"]

1. e4 c6 2. d4 d5 3. Nc3 g6 4. Bd3 Bg7 5. Nge2 dxe4 6. Bxe4 Nf6 7. Bf3 0-0 8. 0-0 Bg4 9. Bxg4 Nxg4 10. h3 Nh6 11. Bxh6 Bxh6 12. Qd3 Na6 13. a3 Nc7 14. Rad1 Qd7 15. Ne4 b6 16. Nd2 Rad8 17. Nf3 Bg7 18. c3 Rfe8 19. Qc2 Qd5 20. Nf4 Qa5 21. Nd3 c5 22. b4 cxb4 23. cxb4 Qxa3 24. Ra1 Qxa1 25. Rxa1 Nb5 26. Rc1 a5 27. bxa5 bxa5 28. Qa4 Nxd4 29. Nxd4 Bxd4 30. Qxa5 e5 31. Re1 e4 32. Rxe4 Bf6 33. Rxe8+ Rxe8 34. Qd5 Rd8 35. Qe4 Kg7 36. f4 Rd4 37. Qf3 Ra4 38. Ne5 Bxe5 39. fxe5 Ra6 40. Qb7 Re6 41. Qc7 h5 42. Kf2 Kf8 43. Kf3 Kg7 44. Kf4 Kg8 45. Kg5 Kg7 46. Qc3 Kh7 47. Kf4 Kg7 48. Qc7 Kg8 49. Ke4 Kg7 50. Kd5 Ra6 51. h4 Re6 52. Qd6 Re8 53. Qf6+ Kg8 54. Qg5 Kf8 55. Qf6 Kg8 56. Qd6 Kg7 57. Qc6 Rd8+ 58. Qd6 Re8 59. Qd7 Rb8 60. e6 1-0

[Event "Nizhnij Novgorod Region-ch op"]
[Site "Nizhnij Novgorod"]
[Date "2008.10.??"]
[Round "4"]
[White "Kozyrev, Daniil"]
[Black "Akulov, Alexandr"]
[Result "1-0"]
[WhiteElo "2192"]
[BlackElo "2078"]
[PlyCount "81"]
[EventDate "2008.10.04"]
[EventType "swiss"]
[EventRounds "9"]
[EventCountry "RUS"]
[SourceTitle "EXT 2022"]
[Source "ChessBase"]
[SourceDate "2021.10.06"]
[SourceVersion "1"]
[SourceVersionDate "2021.10.06"]
[SourceQuality "1"]

1. e4 d6 2. d4 g6 3. f4 Bg7 4. Nf3 e6 5. Nc3 Ne7 6. Be3 a6 7. Be2 0-0 8. 0-0 b5 9. Qd2 Bb7 10. Bd3 f5 11. e5 Bxf3 12. Rxf3 d5 13. Kh1 Nd7 14. Ne2 Kf7 15. Bf2 Rh8 16. b3 c6 17. Bh4 Qb6 18. a4 Ra7 19. Rff1 Rha8 20. Ng1 h6 21. Nf3 Qc7 22. Rg1 Rg8 23. Qe1 Nf8 24. Qc3 Qb6 25. axb5 cxb5 26. Bxe7 Kxe7 27. Qb4+ Kd7 28. Ra5 Nh7 29. Rga1 Rga8 30. c4 Bf8 31. c5 Qb7 32. Rxa6 Rxa6 33. Qxb5+ Kc7 34. Rxa6 Rxa6 35. Qxa6 Qxb3 36. Bb5 Qd1+ 37. Ng1 Qxd4 38. Qc6+ Kb8 39. Qb6+ Kc8 40. Ba6+ Kd7 41. c6+ 1-0